000 00590nam a22001937a 4500
005 20251108170906.0
008 250721s1995 xx 000 0 ara d
082 1 4 _a793.73/برن
100 1 _aبرنارد، وليام
245 1 0 _aإختبر نفسك /
264 1 _aبيروت :
_bعالم الكتب للطباعة و النشر و التوزيع،
_c1995.
300 _a192ص
490 0 _aسلسلة المعرفة
650 1 7 _aالألغاز
700 1 _aليوبولد، دجول
700 1 _aشيخاني، سمير
_eترجمة
942 _2ddc
_cBK
999 _c51477
_d51477